| 000 | 00355nam a22001577a 4500 | ||
|---|---|---|---|
| 003 | CEME | ||
| 005 | 20210628203405.0 | ||
| 008 | 210115b xxu||||| |||| 00| 0 eng d | ||
| 040 | _cceme | ||
| 082 | _a355.02 ROL | ||
| 100 |
_aRoland Sabriner _965142 |
||
| 245 | _aKarvans to tartary | ||
| 260 |
_aUK _bTHOMAS _c1990 |
||
| 300 | _aPDF | ||
| 942 |
_cBK _2ddc |
||
| 999 |
_c573448 _d573448 |
||